[Event "TUR-chT Clubs"]
[Site "Konya"]
[Date "2019.07.20"]
[Round "8.25"]
[White "Atabay, Kagan"]
[Black "Bicici, Muhammet Emin"]
[Result "1/2-1/2"]
[WhiteElo "1509"]
[BlackElo "1304"]
[PlyCount "101"]
[EventDate "2019.07.16"]
[EventType "team-swiss"]
[EventRounds "9"]
[EventCountry "TUR"]
[SourceTitle "CBM 191 Extra"]
[Source "ChessBase"]
[SourceDate "2019.09.30"]
[SourceVersion "1"]
[SourceVersionDate "2019.09.30"]
[SourceQuality "1"]
[WhiteTeam "Akcakoca Palamut Bric"]
[BlackTeam "Mustafa Kemal Ortaokulu"]
[WhiteTeamCountry "TUR"]
[BlackTeamCountry "TUR"]

1. e4 c6 2. Nc3 e6 3. d4 d5 4. Bd3 dxe4 5. Bxe4 Nf6 6. Bg5 Be7 7. Nf3 h6 8. Bxf6 Bxf6 9. h4 Nd7 10. g4 Nb6 11. Ne2 Qc7 12. c3 e5 13. Rg1 exd4 14. Nexd4 Qf4 15. Qe2 0-0 16. g5 Bxd4 17. Nxd4 Bd7 18. Qe3 hxg5 19. Qxf4 gxf4 20. 0-0-0 Rfe8 21. Bf3 Rad8 22. Ne2 Be6 23. Rxd8 Rxd8 24. b3 Rd3 25. Be4 Rh3 26. Rh1 Rxh1+ 27. Bxh1 Bd5 28. Bxd5 Nxd5 29. Kd2 Nf6 30. f3 Nh5 31. Kd3 f6 32. Kd4 Kf7 33. b4 Ke6 34. a4 b6 35. c4 Kd6 36. c5+ Kc7 37. Nc3 Ng3 38. cxb6+ axb6 39. a5 bxa5 40. bxa5 Nf5+ 41. Ke4 Nxh4 42. Kxf4 g5+ 43. Kg4 f5+ 44. Kxg5 Nxf3+ 45. Kxf5 Nd4+ 46. Ke5 Nb3 47. Ne4 Nxa5 48. Kd4 Kb6 49. Nc5 Kb5 50. Nd3 Nb7 51. Kc3 1/2-1/2

[Event "TUR-chT Clubs"]
[Site "Konya"]
[Date "2019.07.17"]
[Round "3.26"]
[White "Bicici, Muhammet Emin"]
[Black "Horan, Muhammet Sefa"]
[Result "0-1"]
[WhiteElo "1304"]
[BlackElo "1298"]
[PlyCount "70"]
[EventDate "2019.07.16"]
[EventType "team-swiss"]
[EventRounds "9"]
[EventCountry "TUR"]
[SourceTitle "CBM 191 Extra"]
[Source "ChessBase"]
[SourceDate "2019.09.30"]
[SourceVersion "1"]
[SourceVersionDate "2019.09.30"]
[SourceQuality "1"]
[WhiteTeam "Mustafa Kemal Ortaokulu"]
[BlackTeam "Corum Mavi Ay"]
[WhiteTeamCountry "TUR"]
[BlackTeamCountry "TUR"]

1. Nf3 d5 2. g3 Nf6 3. Bg2 g6 4. d3 c6 5. Nbd2 Qb6 6. 0-0 Nbd7 7. c4 Bg7 8. Rb1 Ng4 9. Qb3 Qc7 10. h3 Ngf6 11. cxd5 Nxd5 12. e4 N5f6 13. Nc4 Nc5 14. Qa3 b6 15. Bf4 Qb7 16. b4 Ne6 17. Be3 0-0 18. Rfd1 Bd7 19. Nfe5 Nh5 20. d4 Qc7 21. Nxd7 Qxd7 22. e5 Rab8 23. Qc3 f6 24. f4 Nxg3 25. Kh2 Nh5 26. Qb3 Kh8 27. f5 Nef4 28. e6 Qc7 29. Bxf4 Qxf4+ 30. Kg1 Qxf5 31. Rf1 Qxe6 32. Rbe1 Qd7 33. Qe3 f5 34. Ne5 Qd6 35. a3 f4 0-1

[Event "TUR-chT2"]
[Site "Konya"]
[Date "2018.07.15"]
[Round "9.26"]
[White "Koc, Ahmet"]
[Black "Bicici, Muhammet Emin"]
[Result "0-1"]
[WhiteElo "1399"]
[BlackElo "1324"]
[PlyCount "90"]
[EventDate "2018.07.10"]
[EventType "team-swiss"]
[EventRounds "9"]
[EventCountry "TUR"]
[SourceTitle "EXT 2019"]
[Source "ChessBase"]
[SourceDate "2018.10.10"]
[SourceVersion "1"]
[SourceVersionDate "2018.10.10"]
[SourceQuality "1"]
[WhiteTeam "Karaman Duru Bulgur"]
[BlackTeam "Corum Merkez Yatili"]
[WhiteTeamCountry "TUR"]
[BlackTeamCountry "TUR"]

1. f4 d5 2. Nf3 Bg4 3. e3 Nc6 4. Be2 e6 5. b3 f6 6. Bb2 Bc5 7. Nc3 a6 8. 0-0 Qd6 9. d4 Ba7 10. Qd2 Nge7 11. Nd1 h6 12. Rc1 g5 13. h3 Bxf3 14. Rxf3 f5 15. c4 0-0-0 16. c5 Qd7 17. b4 g4 18. hxg4 fxg4 19. Rg3 h5 20. a4 Nf5 21. b5 Nxg3 22. bxc6 Nxe2+ 23. Qxe2 Qxc6 24. Qc2 Rdg8 25. f5 Rf8 26. fxe6 Qxe6 27. Qd3 Qc6 28. Qb3 Rf5 29. e4 dxe4 30. d5 Rxd5 31. Bxh8 Bxc5+ 32. Kf1 Qd7 33. Ne3 Bxe3 34. Qxe3 Rd1+ 35. Rxd1 Qxd1+ 36. Kf2 Qc2+ 37. Kg3 Qd3 38. Qxd3 exd3 39. Bc3 b5 40. a5 c5 41. Kh4 b4 42. Bd2 b3 43. Bc1 b2 44. Bxb2 d2 45. Bf6 d1Q 0-1